| 000 | 00604nam a2200229Ia 4500 | ||
|---|---|---|---|
| 003 | OSt | ||
| 005 | 20220923225952.0 | ||
| 006 | a|||||r|||| 00| 0 | ||
| 007 | ta | ||
| 008 | 220922b |||||||| |||| 00| 0 pan d | ||
| 024 | _a276,421 | ||
| 037 | _cTextual | ||
| 040 |
_aARTS _cARTS _bpan |
||
| 041 |
_2pan _apan |
||
| 082 | _aO153,2N29x, K8 | ||
| 100 | _aਸਿੰਘ, ਹਰਸਰਨ | ||
| 245 | 0 | _aਪਰਦੇ | |
| 260 | _c1968 | ||
| 650 | _aਪੰਜਾਬੀ ਸਾਹਿਤ | ||
| 942 |
_hO153,2N29x, K8 _cTEXL _2CC |
||
| 999 |
_c381683 _d381683 |
||